000 00399nam a2200157Ia 4500
008 230524s9999 xx 000 0 und d
082 _a658.45
_bRAM
100 _aT.M.Ramachandran
_914448
245 0 _aPrinciples and Techniques of Programming
250 _a2ND
260 _aNEW DELHI
_bGalgotia
_c2002
300 _aXIII;901
500 _aQuantity Number: 1
650 _aComp-Sc
942 _cBK
999 _c20434
_d20434